000 00519nam a2200181Ia 4500
005 20250923144956.0
008 008 250917s9999 xx 000 0 eng d
037 _aTextual
040 _aDSWL
_beng
_cDSWL
041 _aeng
_2eng
084 _aYX;5-B, N62;3
_qDSWL
100 _aVaid, K.N.
_9830478
245 4 _aThe labour welfare officer
_cby K.N. Vaid
260 _aDelhi
_bSchool of Social Work
_c1962
300 _a59 p.
942 _cTEXL
_hYX;5-B, N62;3
999 _c1445589
_d1445589